| 000 | 00954nam a2200265 i 4500 | ||
|---|---|---|---|
| 001 | bg | ||
| 100 | 1 | _aKROWICKA, Anna | |
| 245 | 1 | 0 |
_aOpieka zdrowotna po wejściu Polski do Unii Europejskiej / _cAnna Krowicka, Elżbieta Pitera-Czyżowska. |
| 260 |
_aWarszawa : _bCeDeWu, _c2004. |
||
| 300 |
_a198 s. ; _c24 cm. |
||
| 504 | _aBibliogr. | ||
| 650 | 9 |
_aSłużba zdrowia _xpolityka _zPolska _yod 1989 r. |
|
| 650 | 9 |
_aSłużba zdrowia _xpolityka _xUnia Europejska _yod 1989 r. |
|
| 650 | 9 |
_aSłużba zdrowia _xprawo wspólnotowe europejskie _yod 1989 r. |
|
| 650 | 9 |
_aPolska a Unia Europejska _xsłużba zdrowia _yod 1989 r. |
|
| 700 | 1 | _aPITERA-CZYŻOWSKA, Elżbieta | |
| 020 | _a8387885509 | ||
| 040 | _cBPK | ||
| 041 | 0 | _apol | |
| 080 | _a614.2:351.77](438:4-67)"1989/..." | ||
| 920 | _a83-87885-50-9 | ||
| 942 | _cKS | ||
| 008 | s pl f |000 0 pol | ||
| 999 |
_c44512 _d44512 |
||
| 856 |
_uhttp://koha.tu.koszalin.pl/cgi-bin/koha/opac-detail.pl?biblionumber=44512 _yKatalog online BPK |
||